000 00583nam a2200205Ia 4500
005 20250326144417.0
008 250326s9999 xx 000 0 und d
037 _aTextbook
040 _aFMSL
_beng
_cFMSL
041 _aeng
_2eng
084 _aO1111 P7
_qFMSL
100 _aINTRATOR
_9749609
245 0 _aLeading from within :poetry that sustain the courage to lead
_cINTRATOR
260 _aSan Francisco
_bSan Francisco, Pfeiffer
_c2007
300 _a252p
365 _b1008.273
650 _aLeadership
942 _cTB
_hO1111 P7
999 _c1303605
_d1303605